000 01460nam a2200277 a 4500
001 000013616
005 20250314135209.0
008 091126s2000 dr r 001 0 spa d
020 _a8489539987
040 _aDO-SdBNP
_bspa
_cBNPHU
082 _a342
_bR173d
100 1 _aRamírez Morillo, Belarminio,
_d1964-
_92520
245 1 0 _aDerecho político y constitucional /
_cBelarminio Ramírez Morillo.
260 _aSanto Domingo :
_bDe Colores,
_c2000.
300 _a227 p. ;
_c24 cm.
500 _aIncluye datos biográficos del autor en la solapa de la cubierta.
504 _aIncluye bibliografía y notas al pie de páginas.
504 _aBibliografía : p.223-227.
505 0 _t¿Que es derecho? --
_tDerecho político --
_tDerecho constitucional --
_tEl Estado --
_tLas sociedades pre-estatales --
_tElementos constitutivos del Estado --
_tEl reconocimiento del estado --
_tRelaciones entre el Estado y el derecho --
_tLas funciones del Estado --
_tFormas de Estado y formas de gobierno --
_tPartidos políticos, grupos de presión y sociedades civil --
_tTeoría de la constitución --
_tEl poder constituyente --
_tLa supremacía de la constitución.
590 _aInventariado, 2018/BT
650 0 _aDerecho constitucional
_910314
650 0 _aCiencia política
_95772
651 4 _aRepública Dominicana
_xHistoria Constitucional
_96486
651 4 _aRepública Dominicana
_xDerecho Constitucional
_99303
910 _aValidado. Control de calidad. EMS
999 _c13230
_d13230